000 01856ncm0a2200361 4500
001 RU\NLR\ONIZ\212095
005 20250624195631.0
021 _aRU
_b10-80н
_910-9н
035 _aRU\NLR\ONIZ\Таня\5000002352\20150621123136
035 _a(NLR Aleph) 010891632
090 _a10557120
_c10557120
100 _a20150621d1999 |||y0rusy50 ca
101 0 _arus
102 _aRU
125 _azx
128 _acc
145 0 _aa
200 1 _aПеснопения воскресной службы. Глас 8-й
_bНоты
_e[для смеш. хора без сопровожд.]
_fред. С. Г. Потокина
210 _aМосква
_cЖивоносный источник
_d1999
215 _a78 с.
_d29 см
313 _aСистематизация документа проведена по изданию - Методика классифицирования музыкальных произведений (нотных изданий) по таблицам Библиотечно-библиографических классификаций : метод. рекомендации / Гос. б-ка СССР им. В.И. Ленина.- М., 1977. Индексу ББК методических рекомендаций присваивается код ББК для научных библиотек - LBC/SL
686 _aЩ99(2Р)
_vLBC/SL
_2rubbk
701 1 _9z02790
_aПотокина
_bС. Г.
_f1960-
_gСветлана Геннадьевна
_4230
790 1 _9z02701
_aPotokina
_bS. G.
_gSvetlana Gennadiyevna
_4230
801 0 _aRU
_bNLR
_c20150621
_gPSBO
801 1 _aRU
_bNLR
_c20150621
_2rusmarc
801 2 _aRU
_bNLR
_c20190630
852 _aNLR
_bМ
_jК-3/24539(8)
_pМОЭ 2010-9н/80н
_t1
852 _aNLR
_bМ
_jК-3/24539(8)а
_pМОЭ 2010-9н/80на
_t2
942 _cSCORE
980 _aNB
980 _aONIZ